| 000 | 00455nam a2200193Ia 4500 | ||
|---|---|---|---|
| 003 | OSt | ||
| 005 | 20250820155822.0 | ||
| 008 | 250729s2005 xx 000 0 und d | ||
| 020 | _a978-8120700253 | ||
| 040 | _cAL | ||
| 041 | _aeng | ||
| 082 | _a900.7 KOCT | ||
| 100 |
_aKochar s K _9221666 |
||
| 245 | _aTeaching of history | ||
| 260 |
_aNew Delhi _bSterling Publication _c2005 |
||
| 300 | _a387p | ||
| 650 |
_aHistory _9221667 |
||
| 942 |
_2ddc _cBED |
||
| 999 |
_c235120 _d235120 |
||